The functions of the social worker in empowering: the voices of consumers and professionals (Record no. 57230)

000 -LEADER
fixed length control field 00424pab a2200157 454500
008 - FIXED-LENGTH DATA ELEMENTS--GENERAL INFORMATION
fixed length control field 180718b2002 xxu||||| |||| 00| 0 eng d
100 ## - MAIN ENTRY--PERSONAL NAME
Personal name Boehm, Ammon
245 ## - TITLE STATEMENT
Title The functions of the social worker in empowering: the voices of consumers and professionals
260 ## - PUBLICATION, DISTRIBUTION, ETC.
Date of publication, distribution, etc. 2002
300 ## - PHYSICAL DESCRIPTION
Extent p.449-60.
362 ## - DATES OF PUBLICATION AND/OR SEQUENTIAL DESIGNATION
Dates of publication and/or sequential designation Oct
650 ## - SUBJECT ADDED ENTRY--TOPICAL TERM
Topical term or geographic name entry element Social workers
700 ## - ADDED ENTRY--PERSONAL NAME
Personal name Staples, Lee H.
773 ## - HOST ITEM ENTRY
Main entry heading Social Work
909 ## -
-- 57230
Holdings
Withdrawn status Lost status Damaged status Not for loan Permanent Location Current Location Date acquired Serial Enumeration / chronology Barcode Date last seen Price effective from Koha item type
        Indian Institute of Public Administration Indian Institute of Public Administration 2018-07-19 Volume no: 47, Issue no: 4 AR57675 2018-07-19 2018-07-19 Articles

Powered by Koha